000 00482nam a2200145Ia 4500
008 140724s9999 xx 000 0 und d
050 _aHF 5415.2
_b.J35 2012
100 _aJao, Virgelle Gail B.
245 2 _aA marketing research and analysis for Creamy Gelato /
_cVirgelle Gail B. Jao.
260 _aLas PiƱas, Philippines :
_bSouthville International School and Colleges,
_cc2012.
300 _a47 p. :
_bill. ;
_c28 cm.
521 _aMarketing
942 _cTH
999 _c229217
_d229217